| 000 | 00371nam a2200157Ia 4500 | ||
|---|---|---|---|
| 003 | OSt | ||
| 005 | 20240329105040.0 | ||
| 008 | 170524s9999 xx 000 0 und d | ||
| 020 | _a978-0073529776 | ||
| 040 | _ciimtu meerut | ||
| 100 | _aSPIRO- STANTON- RICH | ||
| 100 | _c2004 | ||
| 245 | 0 | _aMANAGEMENT OF A SALES FORCE | |
| 260 | _aTATA MC GRAW HILL | ||
| 942 |
_2ddc _c02 |
||
| 999 |
_c2205 _d2205 |
||